000
00230 a2200109 4500
001
44113
040
_c
Anchieta - Aquarius
240
1
0
_a
Vambora, tá na hora!
_l
245
1
0
_a
Vambora, tá na hora!
650
4
_a
Música
942
_c
MU
999
_c
44113
_d
44113